[Event "Sueca op 7th"]
[Site "Sueca"]
[Date "2023.08.13"]
[Round "9"]
[White "Serrano Requena, Guillem"]
[Black "Soler Nadal, Jose Antonio"]
[Result "1-0"]
[WhiteElo "1568"]
[BlackElo "1694"]
[PlyCount "91"]
[EventDate "2023.08.07"]
[EventType "swiss"]
[EventRounds "9"]
[EventCountry "ESP"]
[SourceTitle "CBM 215 Extra"]
[Source "ChessBase"]
[SourceDate "2023.09.30"]
[SourceVersion "1"]
[SourceVersionDate "2023.09.30"]
[SourceQuality "1"]

1. d4 f5 2. Bg5 Nf6 3. Bxf6 exf6 4. e3 d5 5. g3 Be7 6. Bg2 0-0 7. Ne2 Be6 8. Nf4 Qd7 9. c4 Bb4+ 10. Nd2 c6 11. cxd5 cxd5 12. 0-0 Bxd2 13. Qxd2 Nc6 14. Rac1 Rac8 15. Rc2 Ne7 16. Rfc1 Bf7 17. Bf3 b6 18. Qb4 Rxc2 19. Rxc2 Ng6 20. Nxg6 hxg6 21. Qc3 Rd8 22. Qc7 Kf8 23. Be2 Be6 24. Bb5 Qxc7 25. Rxc7 a5 26. Rc6 Ke7 27. Rxb6 Ra8 28. Ra6 Rxa6 29. Bxa6 Kd7 30. Kf1 Kc7 31. Bb5 Bf7 32. Ke1 g5 33. Kd2 Kb6 34. Bd7 f4 35. Kc3 fxg3 36. hxg3 Bh5 37. b4 axb4+ 38. Kxb4 Be2 39. a4 Kc7 40. Bb5 Bg4 41. Kc5 Be6 42. Bc6 Bc8 43. Bxd5 Ba6 44. Bc6 Be2 45. d5 Bf3 46. d6+ 1-0

[Event "Xeraco Region-ch Preferente"]
[Site "Xeraco"]
[Date "2016.11.05"]
[Round "5"]
[White "Cortell Canet, Miguel"]
[Black "Soler Nadal, Jose Antonio"]
[Result "1/2-1/2"]
[WhiteElo "1824"]
[BlackElo "1749"]
[PlyCount "40"]
[EventDate "2016.10.01"]
[EventType "swiss"]
[EventRounds "7"]
[EventCountry "ESP"]
[SourceTitle "EXT 2024"]
[Source "ChessBase"]
[SourceDate "2023.10.10"]
[SourceVersion "1"]
[SourceVersionDate "2023.10.10"]
[SourceQuality "1"]

1. e4 c6 2. d4 d5 3. e5 c5 4. c3 Nc6 5. Nf3 Bg4 6. Be2 e6 7. 0-0 Bxf3 8. Bxf3 cxd4 9. cxd4 Qb6 10. Be3 Qxb2 11. Nd2 Qb6 12. Rb1 Qc7 13. Qb3 Rb8 14. Rfc1 Nge7 15. Be2 g6 16. Bg5 a6 17. Bf6 Rg8 18. Qa4 Qa5 19. Qxa5 Nxa5 20. Bxa6 Kd7 1/2-1/2

[Event "Xeraco Region-ch Preferente"]
[Site "Xeraco"]
[Date "2016.10.01"]
[Round "1"]
[White "Soler Nadal, Jose Antonio"]
[Black "Oltra Landete, Fidel"]
[Result "1-0"]
[WhiteElo "1749"]
[BlackElo "1907"]
[PlyCount "65"]
[EventDate "2016.10.01"]
[EventType "swiss"]
[EventRounds "7"]
[EventCountry "ESP"]
[SourceTitle "EXT 2024"]
[Source "ChessBase"]
[SourceDate "2023.10.10"]
[SourceVersion "1"]
[SourceVersionDate "2023.10.10"]
[SourceQuality "1"]

1. Nf3 c5 2. e3 Nf6 3. d4 e6 4. c4 b6 5. Nc3 Bb7 6. Be2 Be7 7. 0-0 0-0 8. b3 d5 9. Bb2 Nbd7 10. Rc1 Rc8 11. Nd2 Bd6 12. Bf3 Re8 13. g3 Ba8 14. Bg2 Bb8 15. cxd5 exd5 16. dxc5 Nxc5 17. Nf3 Bb7 18. Nb5 Nfe4 19. Nbd4 Ba6 20. Nf5 f6 21. N3d4 Bxf1 22. Bxf1 Be5 23. Qg4 g6 24. b4 Na4 25. Rxc8 Qxc8 26. Ne7+ Rxe7 27. Qxc8+ Kf7 28. Ba3 Rc7 29. Qe6+ Kg7 30. Qxd5 Nac3 31. Ne6+ Kh6 32. Qd8 Rf7 33. b5 1-0

[Event "Sueca op 2nd"]
[Site "Sueca"]
[Date "2016.07.29"]
[Round "6.20"]
[White "Soler Nadal, Jose Antonio"]
[Black "Palomo Ruiperez, Bruno"]
[Result "1/2-1/2"]
[WhiteElo "1720"]
[BlackElo "1921"]
[PlyCount "70"]
[EventDate "2016.07.25"]
[EventType "swiss"]
[EventRounds "8"]
[EventCountry "ESP"]
[SourceTitle "EXT 2024"]
[Source "ChessBase"]
[SourceDate "2023.10.10"]
[SourceVersion "1"]
[SourceVersionDate "2023.10.10"]
[SourceQuality "1"]

1. Nf3 Nf6 2. d4 g6 3. Nbd2 Bg7 4. e4 d6 5. Be2 0-0 6. 0-0 c5 7. c3 Qc7 8. dxc5 dxc5 9. Qc2 b6 10. Re1 Bb7 11. Bf1 e5 12. a4 Rd8 13. Nc4 Nbd7 14. Bg5 h6 15. Bh4 g5 16. Bg3 Nh5 17. Ne3 Nxg3 18. hxg3 Nf6 19. Nf5 a6 20. Nd2 Rd7 21. Rad1 Rad8 22. f3 Bf8 23. Nc4 b5 24. axb5 axb5 25. Nce3 c4 26. Rxd7 Rxd7 27. Rd1 Rxd1 28. Qxd1 Qd7 29. Qxd7 Nxd7 30. Kf2 Kh7 31. Ke1 Kg6 32. Kd2 Nc5 33. Kc2 Nxe4 34. fxe4 Bxe4+ 35. Kd2 Bxf5 1/2-1/2

[Event "Xeraco Region-ch Preferente"]
[Site "Xeraco"]
[Date "2015.10.24"]
[Round "3.3"]
[White "Soler Nadal, Jose Antonio"]
[Black "Monllor Garcia, Yolanda"]
[Result "1-0"]
[WhiteElo "1734"]
[BlackElo "2014"]
[PlyCount "73"]
[EventDate "2015.10.03"]
[EventType "swiss"]
[EventRounds "7"]
[EventCountry "ESP"]
[SourceTitle "EXT 2024"]
[Source "ChessBase"]
[SourceDate "2023.10.10"]
[SourceVersion "1"]
[SourceVersionDate "2023.10.10"]
[SourceQuality "1"]

1. Nf3 d5 2. d4 c6 3. e3 e6 4. c4 f5 5. Bd3 Nf6 6. cxd5 exd5 7. Ne5 Bd6 8. Qc2 0-0 9. 0-0 Qe7 10. f4 Ne4 11. Nd2 Nd7 12. Ndf3 Ndf6 13. Bd2 Nxd2 14. Nxd2 Ne4 15. Ndf3 Be6 16. Bxe4 dxe4 17. Ng5 Bd5 18. Qf2 Rfc8 19. Qh4 h6 20. Ng6 Qf6 21. Qh5 c5 22. Rad1 Bc4 23. d5 Bxf1 24. Rxf1 c4 25. Ne6 c3 26. bxc3 Rxc3 27. Nd4 Rac8 28. g4 Rc1 29. g5 Qf7 30. gxh6 gxh6 31. Nxf5 Bf8 32. Nge7+ Qxe7 33. Nxe7+ Bxe7 34. Qg6+ Kf8 35. Qxh6+ Kf7 36. Qe6+ Kf8 37. d6 1-0

[Event "Sueca op 1st"]
[Site "Sueca"]
[Date "2015.07.29"]
[Round "3"]
[White "Dominguez Gandia, Jose Miguel"]
[Black "Soler Nadal, Jose Antonio"]
[Result "0-1"]
[WhiteElo "1521"]
[BlackElo "1806"]
[PlyCount "88"]
[EventDate "2015.07.27"]
[EventType "swiss"]
[EventRounds "8"]
[EventCountry "ESP"]
[SourceTitle "EXT 2016"]
[Source "ChessBase"]
[SourceDate "2015.10.08"]
[SourceVersion "1"]
[SourceVersionDate "2015.10.08"]
[SourceQuality "1"]

1. d4 d5 2. c4 e6 3. Nc3 Nf6 4. Bg5 Be7 5. f3 c5 6. e3 Nc6 7. cxd5 Nxd5 8. Bxe7 Qxe7 9. e4 Ne3 10. Qe2 Nxd4 11. Qf2 Nec2+ 12. Kd2 Nxa1 13. Bd3 Nab3+ 14. axb3 Nxb3+ 15. Kc2 Nd4+ 16. Kb1 0-0 17. Nge2 Rd8 18. Nxd4 Rxd4 19. Bc2 b5 20. Qg3 Ba6 21. e5 Qh4 22. Ne4 Qxg3 23. hxg3 h6 24. g4 b4 25. Nxc5 Bc4 26. g5 Rc8 27. Nb7 Ba2+ 28. Kxa2 Rxc2 29. gxh6 gxh6 30. Nd6 Kg7 31. Kb3 Rxg2 32. Ra1 Rf4 33. Ne8+ Kg6 34. Nd6 Rxf3+ 35. Kxb4 Rxb2+ 36. Kc5 Re2 37. Nc4 h5 38. Rxa7 h4 39. Ra8 h3 40. Rh8 h2 41. Kd6 Rf1 42. Ne3 h1Q 43. Rxh1 Rxh1 44. Nc4 Rd1+ 0-1

[Event "Provincial-ch Xeraco Preferente"]
[Site "Xeraco"]
[Date "2014.10.25"]
[Round "4.10"]
[White "Olivares Ruiz, Pedro"]
[Black "Soler Nadal, Jose Antonio"]
[Result "0-1"]
[WhiteElo "1745"]
[BlackElo "1824"]
[PlyCount "93"]
[EventDate "2014.09.27"]
[EventType "swiss"]
[EventRounds "7"]
[EventCountry "ESP"]
[SourceTitle "EXT 2024"]
[Source "ChessBase"]
[SourceDate "2023.10.10"]
[SourceVersion "1"]
[SourceVersionDate "2023.10.10"]
[SourceQuality "1"]

1. d4 d5 2. c4 e6 3. Nc3 Nf6 4. Nf3 c6 5. Bg5 Be7 6. e3 Nbd7 7. Bd3 0-0 8. Qc2 h6 9. Bh4 b6 10. 0-0 Bb7 11. cxd5 cxd5 12. Rac1 Rc8 13. Qe2 Ne4 14. Bxe7 Qxe7 15. Rc2 Nxc3 16. bxc3 Qa3 17. Rfc1 Rc7 18. Nd2 Rfc8 19. c4 Ba6 20. f3 e5 21. Nb1 Qb4 22. a3 Qa5 23. Kf2 exd4 24. exd4 Nf6 25. Qd2 Qxd2+ 26. Nxd2 dxc4 27. Bxc4 Bxc4 28. Rxc4 Rxc4 29. Rxc4 Rxc4 30. Nxc4 Nd5 31. Ke2 Kf8 32. g3 Ke7 33. Ne5 a6 34. Kd3 f6 35. Nc4 b5 36. Na5 Kd7 37. Nb3 Kc6 38. h4 g6 39. g4 f5 40. Nc5 a5 41. Ne6 b4 42. axb4 axb4 43. Kc4 fxg4 44. Nd8+ Kd6 45. Nf7+ Kc6 46. Ne5+ Kd6 47. fxg4 0-1

[Event "Provincial-ch Gandi Preferente"]
[Site "Gandi"]
[Date "2012.10.20"]
[Round "2"]
[White "Soler Nadal, Jose Antonio"]
[Black "Albert Garrote, Amadeo"]
[Result "1/2-1/2"]
[WhiteElo "1795"]
[BlackElo "1900"]
[PlyCount "107"]
[EventDate "2012.10.06"]
[EventType "swiss"]
[EventRounds "7"]
[EventCountry "ESP"]
[SourceTitle "EXT 2024"]
[Source "ChessBase"]
[SourceDate "2023.10.10"]
[SourceVersion "1"]
[SourceVersionDate "2023.10.10"]
[SourceQuality "1"]

1. d4 d6 2. e4 g6 3. c4 Bg7 4. Nc3 Nd7 5. Be3 c6 6. Qd2 e5 7. d5 c5 8. Nf3 Ndf6 9. h3 a6 10. a3 h6 11. Rb1 g5 12. g4 Ne7 13. b4 b6 14. Bd3 Bd7 15. Ke2 Ng6 16. Rb2 Qc8 17. Rhb1 Nxg4 18. hxg4 Bxg4 19. Bxg5 Bxf3+ 20. Kxf3 Qh3+ 21. Ke2 hxg5 22. Qe3 Qg4+ 23. Kd2 Rh3 24. Be2 Qh4 25. f3 g4 26. Kc2 Bh6 27. Qd3 gxf3 28. Bf1 Nf4 29. Qd1 Ng2 30. Kb3 Rg3 31. bxc5 bxc5 32. Ka2 Qd8 33. Rb7 Kf8 34. Qa4 Ne3 35. Qc6 Rc8 36. Qxa6 Nxf1 37. Rxf1 Rg2+ 38. Ka1 f2 39. Nd1 Rg1 40. Rxf2 Rxd1+ 41. Ka2 Bf4 42. Qa7 Qf6 43. Rb8 Rd8 44. Qb6 Rxb8 45. Qxb8+ Kg7 46. Rg2+ Bg5 47. Qb3 Qf4 48. Qxd1 f6 49. Qg4 Qf1 50. Qe6 Kf8 51. Qxd6+ Kg7 52. Qe7+ Kg6 53. Qe8+ Kg7 54. Qe7+ 1/2-1/2

[Event "Mislata op-C 20th"]
[Site "Mislata"]
[Date "2012.08.19"]
[Round "9"]
[White "Alemany Maroto, Vicente"]
[Black "Soler Nadal, Jose Antonio"]
[Result "1/2-1/2"]
[WhiteElo "1760"]
[BlackElo "1777"]
[PlyCount "43"]
[EventDate "2012.08.13"]
[EventType "swiss"]
[EventRounds "9"]
[EventCountry "ESP"]
[SourceTitle "EXT 2013"]
[Source "ChessBase"]
[SourceDate "2012.11.22"]
[SourceVersion "1"]
[SourceVersionDate "2012.11.22"]
[SourceQuality "1"]

1. e4 c6 2. Nf3 d5 3. exd5 cxd5 4. d4 Bg4 5. Be2 e6 6. c3 Nc6 7. h3 Bh5 8. Be3 Nf6 9. Nbd2 Bd6 10. 0-0 0-0 11. Ne5 Bxe2 12. Nxc6 Bxd1 13. Nxd8 Rfxd8 14. Rfxd1 a5 15. Bg5 b5 16. a3 Rdc8 17. Bxf6 gxf6 18. Nb3 b4 19. axb4 axb4 20. Rxa8 Rxa8 21. Ra1 Rxa1+ 22. Nxa1 1/2-1/2

[Event "Mislata op-C 20th"]
[Site "Mislata"]
[Date "2012.08.15"]
[Round "4"]
[White "Agraz Munoz, Ivan"]
[Black "Soler Nadal, Jose Antonio"]
[Result "0-1"]
[WhiteElo "1829"]
[BlackElo "1777"]
[PlyCount "52"]
[EventDate "2012.08.13"]
[EventType "swiss"]
[EventRounds "9"]
[EventCountry "ESP"]
[SourceTitle "EXT 2013"]
[Source "ChessBase"]
[SourceDate "2012.11.22"]
[SourceVersion "1"]
[SourceVersionDate "2012.11.22"]
[SourceQuality "1"]

1. d4 c5 2. Nf3 cxd4 3. Nxd4 d5 4. g3 e5 5. Nf3 Nc6 6. Bg2 Nf6 7. 0-0 Be7 8. c4 dxc4 9. Qa4 Bd7 10. Qxc4 0-0 11. Rd1 Rc8 12. Nc3 Nd4 13. Qd3 Bf5 14. e4 Bg4 15. h3 Nxf3+ 16. Bxf3 Qxd3 17. Rxd3 Bxh3 18. Bg5 Be6 19. Rad1 Bb4 20. Bxf6 Bxc3 21. Bxg7 Kxg7 22. bxc3 Bxa2 23. Ra1 Bc4 24. Rdd1 Ba6 25. Rd7 Rfd8 26. Re7 Kf6 0-1

[Event "Provincial-ch Gandia Preferente"]
[Site "Valencia"]
[Date "2011.11.12"]
[Round "5"]
[White "Garcia Requena, Joan"]
[Black "Soler Nadal, Jose Antonio"]
[Result "1/2-1/2"]
[WhiteElo "1760"]
[BlackElo "1779"]
[PlyCount "49"]
[EventDate "2011.10.01"]
[EventType "swiss"]
[EventRounds "7"]
[EventCountry "ESP"]
[SourceTitle "EXT 2024"]
[Source "ChessBase"]
[SourceDate "2023.10.10"]
[SourceVersion "1"]
[SourceVersionDate "2023.10.10"]
[SourceQuality "1"]

1. e4 c6 2. d4 d5 3. Nc3 dxe4 4. Nxe4 Nf6 5. Nxf6+ exf6 6. Bc4 Bd6 7. Qe2+ Be7 8. c3 0-0 9. Nf3 Qc7 10. h3 Bf5 11. 0-0 Nd7 12. Re1 Bd6 13. Nh4 Bg6 14. Nxg6 hxg6 15. Bd2 f5 16. Bg5 Nf6 17. Bxf6 gxf6 18. g3 Kg7 19. Kg2 Rfe8 20. Qxe8 Rxe8 21. Rxe8 a6 22. Kg1 Bxg3 23. fxg3 Qxg3+ 24. Kh1 Qxh3+ 25. Kg1 1/2-1/2

[Event "Provincial-ch Gandia Preferente"]
[Site "Valencia"]
[Date "2011.11.05"]
[Round "4"]
[White "Soler Nadal, Jose Antonio"]
[Black "Sala Espi, Antonio"]
[Result "0-1"]
[WhiteElo "1779"]
[BlackElo "1699"]
[PlyCount "72"]
[EventDate "2011.10.01"]
[EventType "swiss"]
[EventRounds "7"]
[EventCountry "ESP"]
[SourceTitle "EXT 2024"]
[Source "ChessBase"]
[SourceDate "2023.10.10"]
[SourceVersion "1"]
[SourceVersionDate "2023.10.10"]
[SourceQuality "1"]

1. d4 d5 2. Bf4 Nf6 3. e3 e6 4. Nf3 Nbd7 5. Bd3 Be7 6. Nbd2 b6 7. 0-0 Bb7 8. h3 0-0 9. c3 c5 10. Qe2 Rc8 11. Ba6 Bxa6 12. Qxa6 Ra8 13. Rfe1 Qc8 14. Qf1 Qb7 15. Bh2 h6 16. g4 g5 17. Qg2 Ne4 18. Nxe4 dxe4 19. Nd2 f5 20. f3 exf3 21. Qg3 fxg4 22. Rf1 f2+ 23. Rxf2 Rxf2 24. Kxf2 Rf8+ 25. Kg1 h5 26. Rf1 Rxf1+ 27. Kxf1 Qd5 28. e4 Qc6 29. hxg4 h4 30. Qd3 cxd4 31. cxd4 Qc1+ 32. Ke2 Bb4 33. Nc4 Qe1+ 34. Kf3 Qh1+ 35. Kf2 Qxh2+ 36. Kf1 Qf4+ 0-1

[Event "Mislata op-C"]
[Site "Mislata"]
[Date "2010.08.20"]
[Round "7"]
[White "Guerola Trull, Bernat"]
[Black "Soler Nadal, Jose Antonio"]
[Result "1-0"]
[WhiteElo "1705"]
[BlackElo "1858"]
[PlyCount "73"]
[EventDate "2010.08.16"]
[EventType "swiss"]
[EventRounds "9"]
[EventCountry "ESP"]
[SourceTitle "EXT 2012"]
[Source "ChessBase"]
[SourceDate "2011.11.24"]
[SourceVersion "1"]
[SourceVersionDate "2011.11.24"]
[SourceQuality "1"]

1. e4 e5 2. Nf3 Nc6 3. Bb5 a6 4. Ba4 Nf6 5. Qe2 b5 6. Bb3 Be7 7. c3 d6 8. h3 Na5 9. Bc2 c5 10. d3 0-0 11. 0-0 Bb7 12. Rd1 Qc7 13. Nbd2 Nc6 14. Nf1 d5 15. Ng3 d4 16. Nf5 Rfd8 17. Nh2 Bc8 18. g4 Be6 19. Kh1 c4 20. g5 Nxe4 21. dxe4 d3 22. Bxd3 Rxd3 23. Rxd3 cxd3 24. Qxd3 Bxf5 25. exf5 Bd6 26. Ng4 Na5 27. f6 g6 28. Nh6+ Kf8 29. b3 Qc6+ 30. f3 Rc8 31. Bb2 Nb7 32. Rd1 a5 33. Qd5 Qd7 34. Ng4 Qf5 35. Qxb7 e4 36. Qxe4 Qc5 37. Qd5 1-0